[Event "18th European Teams w"]
[Site "Porto Carras GRE"]
[Date "2011.11.09"]
[Round "7"]
[Board "1"]
[White "Dzagnidze, Nana"]
[Black "Muzychuk, Anna"]
[Result "1/2-1/2"]
[WhiteTitle "GM"]
[BlackTitle "IM"]
[WhiteElo "2516"]
[BlackElo "2557"]
[WhiteTeam "Georgia"]
[BlackTeam "Slovenia"]
[WhiteFideId "13601903"]
[BlackFideId "14111330"]
[EventDate "2011.11.03"]

1. d4 d5 2. c4 c6 3. Nf3 Nf6 4. Qb3 e6 5. g3 Nbd7 6. Bg2 Be7 7. O-O b6 8. Nc3
O-O 9. Rd1 Bb7 10. Bf4 Nh5 11. Rac1 Nxf4 12. gxf4 Rc8 13. Ne5 Bd6 14. e3 Bb8 15.
Ng6 1/2-1/2

[Event "18th European Teams w"]
[Site "Porto Carras GRE"]
[Date "2011.11.09"]
[Round "7"]
[Board "2"]
[White "Botsari, Anna-Maria"]
[Black "Ciuksyte, Dagne"]
[Result "0-1"]
[WhiteTitle "WGM"]
[BlackTitle "IM"]
[WhiteElo "2313"]
[BlackElo "2327"]
[WhiteTeam "Greece"]
[BlackTeam "England"]
[WhiteFideId "4200446"]
[BlackFideId "12800619"]
[EventDate "2011.11.03"]

1. d4 Nf6 2. c4 e6 3. Nc3 Bb4 4. e3 O-O 5. Ne2 d5 6. a3 Be7 7. cxd5 exd5 8. g3
a5 9. Bg2 Na6 10. O-O c6 11. Qc2 Nc7 12. Bd2 Re8 13. Na4 Nb5 14. f3 g6 15. Rad1
Bf8 16. Bc1 Nd6 17. b3 Bf5 18. Qa2 b6 19. Nf4 Bh6 20. g4 Bc8 21. Qf2 Ba6 22.
Rfe1 Ra7 23. h4 Bxf4 24. exf4 Rae7 25. Re5 h5 26. Bh3 hxg4 27. fxg4 Nfe4 28. Qg2
f6 29. Rxe7 Rxe7 30. Re1 Ng5 31. Rxe7 Qxe7 32. fxg5 Qe1+ 33. Kh2 Qxc1 34. Qg3
Qd2+ 35. Bg2 Bf1 36. gxf6 Bxg2 37. Qxg2 Qxd4 38. Qf3 Kf7 39. h5 gxh5 40. g5 Qd2+
41. Qg2 Qxg2+ 42. Kxg2 b5 43. Nc5 Ne4 44. Nb7 Nxg5 45. Nxa5 c5 46. Nb7 c4 47.
bxc4 bxc4 48. a4 Ne4 49. a5 c3 50. a6 c2 51. Nd6+ Nxd6 52. a7 c1=Q 53. a8=Q Qc2+
54. Kg1 Qd1+ 55. Kg2 Qg4+ 56. Kh2 Kxf6 57. Qxd5 Qh4+ 0-1